Estratificación y movilidad social en América Latina: transformaciones estructurales de un cuarto de siglo

Guardado en:
Detalles Bibliográficos
Autor principal: Franco, Rolando (coordinador)
Otros Autores: León, Arturo (coordinador), Atria, Raúl (coordinador)
Formato: Libro
Lenguaje:español
Publicado: Santiago, Chile: Lom Ediciones, 2007.
Edición:Primera edición.
Colección:Ciencias Humanas. Investigación Social
Materias:
Etiquetas: Agregar Etiqueta
Sin Etiquetas, Sea el primero en etiquetar este registro!

MARC

LEADER 00000nam a2200000 a 4500
001 UCH2202
003 CL-VaPUC
005 20220630111653.0
008 090604e20070000CL |||||||||||||||||spa|d
999 |c 333989  |d 333987 
020 |a 9789562829007 
040 |c Pontificia Universidad Católica de Valparaíso 
082 0 4 |a 305.513 FRA 2007  |2 21 
100 0 |a Franco, Rolando  |e coordinador  |9 536868 
245 1 0 |a Estratificación y movilidad social en América Latina: transformaciones estructurales de un cuarto de siglo 
250 |a Primera edición.  
260 |a Santiago, Chile:   |b Lom Ediciones,   |c 2007. 
300 |a 614 páginas 
490 0 |a Ciencias Humanas. Investigación Social 
500 |a c.3 Donación Sr. Eduardo Araya L. 12 /4/2022 MEM - HIS/003 
583 |a last modification  |c 20090604 00:00:00  |k Rodrigo Vera 
650 0 |a Movilidad social  |9 315088  |z América latina  
650 0 |a Condiciones sociales   |9 257278  |z América latina  
650 0 |a Cambio social   |9 256857  |z América latina  
700 0 |a León, Arturo  |e coordinador  |9 536869 
700 0 |a Atria, Raúl  |e coordinador  |9 536870 
942 |c BK  |2 ddc 
945 |d 20090604 00:00:00  |a rbrito 
952 |0 0  |1 0  |4 0  |6 305_513000000000000_FRA_2007  |7 0  |8 X  |9 422687  |a FDOBUD  |b FDOBUD  |d 2019-11-22  |i 455647K  |o 305.513 FRA 2007  |p 455647K  |r 2019-11-22  |w 2019-11-22  |y BK_X  |k BUD 
952 |0 0  |1 0  |4 0  |6 305_513000000000000_FRA_2007  |7 0  |8 A  |9 422688  |a BIBHIS  |b BIBHIS  |d 2019-11-22  |i 4725395  |o 305.513 FRA 2007  |p 4725395  |r 2025-01-20  |w 2019-11-22  |y BK  |k HIS 
952 |0 0  |1 0  |2 ddc  |4 0  |6 305_513000000000000_FRA_2007  |7 0  |8 A  |9 584102  |a BIBHIS  |b BIBHIS  |d 2022-06-28  |e Donación   |i 5652263  |o 305.513 FRA 2007  |p 5652263  |r 2025-01-20  |t 3  |w 2022-06-28  |y BK  |k HIS